Kroatiens Fußballer des Jahres - Statistiken

Allgemein
  • Dieses Quiz wurde 766 mal gespielt
  • Das Durchschnittsergebnis liegt bei 18 aus 27
Antwortstatistiken
Jahr Spieler Verein/e Nation % Korrekt
2007 Luka Modric GNK Dinamo Zagreb Kroatien
100%
2008 Luka Modric GNK Dinamo Zagreb Kroatien
100%
2011 Luka Modric Tottenham Hotspur Kroatien
100%
2014 Luka Modric Real Madrid Kroatien
100%
2016 Luka Modric Real Madrid Kroatien
100%
2017 Luka Modric Real Madrid Kroatien
100%
2018 Luka Modric Real Madrid Kroatien
100%
2019 Luka Modric Real Madrid Kroatien
100%
2020 Luka Modric Real Madrid Kroatien
100%
2012 Mario Mandzukic VfL Wolfsburg/FC Bayern München Kroatien
86%
2013 Mario Mandzukic FC Bayern München Kroatien
86%
2015 Ivan Rakitic FC Barcelona Kroatien
85%
1994 Davor Suker FC Sevilla Kroatien
71%
1995 Davor Suker FC Sevilla Kroatien
71%
1996 Davor Suker FC Sevilla/Real Madrid Kroatien
71%
1997 Davor Suker Real Madrid Kroatien
71%
1998 Davor Suker Real Madrid Kroatien
71%
2009 Ivica Olic Hamburger SV/FC Bayern München Kroatien
71%
2010 Ivica Olic FC Bayern München Kroatien
71%
2006 Eduardo GNK Dinamo Zagreb Brasilien
22%
1999 Zvonimir Boban AC Mailand Kroatien
20%
2003 Dado Prso AS Monaco Kroatien
15%
2004 Dado Prso AS Monaco/Glasgow Rangers Kroatien
15%
2005 Dado Prso Glasgow Rangers Kroatien
15%
2001 Igor Tudor Juventus Turin Kroatien
11%
2002 Stipe Pletikosa HNK Hajduk Split Kroatien
10%
2000 Nenad Bjelica NK Osijek Kroatien
4%
Keine übereinstimmenden Quizze gefunden
Verteilung der Resultate
Anzahl Personen mit jedem Resultat
Perzentil nach korrekt beantworteten Fragen
Ihre Resultats-Entwicklung
Sie haben dieses Quiz noch nicht gespielt